000 00668ntm a2200193 i 4500
001 140834
003 ES-MaACL
005 20230906200149.0
007 t|
008 070917s1932 mx |||| | spa d
100 1 _aYépez Solorzano, Miguel.
_9117618
245 1 0 _aOrganización, programa y control de funcionamiento de la Dirección General de Agricultura /
_cMiguel Yépez Solorzano.
260 _aMéxico :
_b[s.n.],
_c1932.
300 _a4 h., 42 fol. ;
_c27 cm.
597 _aEjemplar mecanografiado.
610 1 4 _aMéxico.
_bDirección General de Agricultura.
_95697
651 4 _aMéxico-
_xSituación económica.
_9150095
852 _aES-MaACL
_j1771-F-17
999 _c140834
_d140834